Open Data Biblioteca Nacional de Portugal


República Portuguesa: Ministério da Cultura
Biblioteca Nacional de Portugal

Catálogo da BNP: acesso por Identificadores Unívocos
Registos Bibliográficos associados ao registo de autoridade

Etiqueta de registo: 00254nam 2200025 450
001 2103602
003 http://id.bnportugal.gov.pt/bib/catbnp/2103602
010 ## $a978-972-44-2542-9
021 ## $aPT$b499010/22
100 ## $a20220701d2022 m y0pory01030103ba
101 1# $apor$ceng
102 ## $aPT
105 ## $aa z 000yy
106 ## $ar
200 1# $a Uma breve visita ao Universo$fNeil deGrasse Tyson, Michael A. Strauss, J. Richard Gott$gtrad. Jorge Pereirinha Pires
210 #9 $aLisboa$cEdições 70,$d2022
215 ## $a174 p.$cil.$d24 cm
225 2# $aUniverso da ciência
304 ## $aTít. orig.: A brief welcome to the Universe : a pocket sized tour in
675 ## $a524.3/.8$vBN$zpor$31851538
675 ## $a523$vBN$zpor$3293400
700 #1 $aTyson,$bNeil deGrasse$31850894
701 #1 $aStrauss,$bMichael A.$4070$31850895
701 #1 $aGott,$bJ. Richard,$f1947-$4070$398080
702 #1 $aPires,$bJorge,$f1961-$4730$3104592
801 #0 $aPT$bBN$gRPC
856 41 $uhttp://rnod.bnportugal.gov.pt/ImagesBN/winlibimg.aspx?skey=&doc=2103602&img=166512&save=true
900 ## $aBIBNAC$d20220811
966 ## $lBN$mFGMON$sS.A. 181087 V.$x1
966 ## $lBN$mFGMON$sS.A. 181087 V.-D$x1
971 ## $carosa$d20220701
972 ## $e1$z0$d20220811$vasantos
973 ## $cmlsousa$d20220708
975 ## $d20220825$e2$vevalente

OpendataBNP@bnportugal.pt | Mais informação sobre acesso aos dados BNP